High temperature superconductivity : proceedings of LT-19 satellite conference, Cambridge, 13-15 August 1990 /

Bibliographic Details
Corporate Author: LT-19 Satellite Conference on High Temperature Superconductivity
Other Authors: Evetts, J.
Format: Conference Proceeding Book
Language:English
Published: Bristol, England ; Philadelphia : A. Hilger, [1991]
Subjects:

MARC

Tag First Indicator Second Indicator Subfields
LEADER 00000cam a22000008a 4500
001 in00001019213
005 20150928092321.0
008 901219s1991 enk b 10000 eng
010 |a  90027657  
020 |a 0750301082 
035 |a (OCoLC)22952913 
035 |9 AFE8575AM 
040 |a DLC  |c DLC  |d TXA  |d UtOrBLW 
049 |a TXAM 
050 0 0 |a QC611.98.H54  |b H54358 1991 
082 0 0 |a 537.6/23  |2 20 
245 0 0 |a High temperature superconductivity :  |b proceedings of LT-19 satellite conference, Cambridge, 13-15 August 1990 /  |c edited by J. Evetts. 
263 |a 9102 
264 1 |a Bristol, England ;  |a Philadelphia :  |b A. Hilger,  |c [1991] 
264 4 |c ©1991 
300 |a 453 pages :  |b illustrations 
336 |a text  |b txt  |2 rdacontent 
337 |a unmediated  |b n  |2 rdamedia 
338 |a volume  |b nc  |2 rdacarrier 
500 |a "Proceedings of LT-19 Satellite Conference on High Temperature Superconductivity, Cambridge, 13-15 August 1990"--P. 1 of galley. 
504 |a Includes bibliographical references. 
650 0 |a High temperature superconductivity  |v Congresses. 
650 0 |a High-temperature superconductors  |v Congresses. 
700 1 |a Evetts, J. 
711 2 |a LT-19 Satellite Conference on High Temperature Superconductivity  |d (1990 :  |c Cambridge, England) 
999 |a MARS 
999 f f |s 140afcae-b8cc-3ebd-8612-baf36e11fa6e  |i c247f24f-4309-3fc9-a47f-9ea681025df7  |t 0 
952 f f |p ric  |a Texas A&M University  |b Rellis Campus  |c Joint Library Facility  |d Remote Storage  |t 0  |e QC611.98.H54 H54358 1991  |h Library of Congress classification  |i unmediated -- volume  |m A14814399272 
998 f f |a QC611.98.H54 H54358 1991  |t 0  |l Remote Storage